<?xml version="1.0" encoding="UTF-8"?>
<marc:record xmlns:marc="http://www.loc.gov/MARC21/slim">
   <marc:leader>00000nam a2200000 a 4500</marc:leader>
   <marc:datafield ind1=" " ind2=" " tag="653">
      <marc:subfield code="a">Kinder 6 - 10 Jahre</marc:subfield>
   </marc:datafield>
   <marc:datafield ind1=" " ind2=" " tag="653">
      <marc:subfield code="a">LEADER</marc:subfield>
   </marc:datafield>
   <marc:datafield ind1=" " ind2=" " tag="653">
      <marc:subfield code="a">Mini-Bib</marc:subfield>
   </marc:datafield>
   <marc:datafield ind1=" " ind2=" " tag="653">
      <marc:subfield code="a">Sachbuch</marc:subfield>
   </marc:datafield>
   <marc:datafield ind1=" " ind2=" " tag="653">
      <marc:subfield code="a">Spiele</marc:subfield>
   </marc:datafield>
   <marc:datafield ind1=" " ind2=" " tag="653">
      <marc:subfield code="a">Tiere</marc:subfield>
   </marc:datafield>
   <marc:datafield ind1=" " ind2=" " tag="653">
      <marc:subfield code="a">Unterricht</marc:subfield>
   </marc:datafield>
   <marc:datafield ind1=" " ind2=" " tag="653">
      <marc:subfield code="a">Winter</marc:subfield>
   </marc:datafield>
   <marc:datafield ind1="0" ind2="0" tag="245">
      <marc:subfield code="a">Box Mini-Bib Winter (geöffnet)</marc:subfield>
   </marc:datafield>
   <marc:datafield ind1="0" ind2="0" tag="245">
      <marc:subfield code="b">Kinder 6 - 10 Jahre</marc:subfield>
   </marc:datafield>
   <marc:datafield ind1="1" ind2=" " tag="520">
      <marc:subfield code="a">Diese Box enthält folgende Medien:&#xD;
Klein, Martin	Finn und Frieda wecken den Winter&#xD;
Eich, Eva	Naturforscher im Winter&#xD;
Saan, Anita van	Tiere im Winter&#xD;
Kiel, Anja	Lara und die freche Elfe im Winterwald&#xD;
Hilbert, Jörg	Ritter Rost und der Yeti, m. Audio-CD&#xD;
Hanokova, Pavla	Warum Pinguine nicht frieren&#xD;
Lindgren, Astrid	Nur nicht knausern, sagte Michel aus Lönneberga&#xD;
Spaketa, Markova	Die Winterwelt der Tiere&#xD;
Boehme, Julia	Conni und die Ponys im Schnee&#xD;
Niemann, Katja	Tiere im Winter im Anfangsunterricht&#xD;
Giordano, Philip	Die Schwalbe, die den Winter sehen wollte&#xD;
Pedevilla, Pia	Dekoideen für die Winterzeit &#xD;
Schulze-Oechterring, Regina	Winter im fächerübergreifenden Unterricht, Klasse 1/2&#xD;
Schulze-Oechterring, Regina	Winter im fächerübergreifenden Unterricht, Klasse 3/4&#xD;
Schmidt, Eva-Maria	Themenheft Winter, 3./4. Klasse&#xD;
Schmidt, Eva-Maria	Themenheft Winter, 1./2. Klasse&#xD;
Külling, Martina	Tiere im Winter, m. CD-ROM&#xD;
Abke, Michaela	15 kreative Kunstprojekte für Herbst und Winter&#xD;
Bläsius, Jutta	3 Minuten Bewegung&#xD;
Janetzko, Stephen	Es schneit, es schneit, es schneit!&#xD;
Janetzko, Stephen	Hallo Herbst, hallo Winter! 20 Lieder für die dunkle Jahreshälfte&#xD;
Brockers, Sonja	Kleine Geschenke rund ums Jahr - selbst gemacht!&#xD;
Krebs, Doris	Sachthemen im Winter und Frühling&#xD;
Erne, Andrea	Wir entdecken Feste und Bräuche&#xD;
Erkert, Andre	Die 50 besten Spiele im Winter&#xD;
		Yippie Yippie Yeti</marc:subfield>
   </marc:datafield>
</marc:record>
